| 000 | 01383nam a2200181 a 4500 | ||
|---|---|---|---|
| 001 | ASIN1842654020 | ||
| 005 | 20140611101527.0 | ||
| 008 | 140611s2007 xxu eng d | ||
| 020 |
_a1842654020 (hardcover) _c$98.00 |
||
| 020 | _a9781842654026 (hardcover) | ||
| 100 | 1 | _aBhat, R. B. | |
| 245 | 1 | 0 |
_aNumerical analysis in engineering, revised ed / _cR. B. Bhat. |
| 250 | _a1 Revised. | ||
| 260 |
_a[S.l.] : _bAlpha Science Int'l Ltd, _c2007. |
||
| 300 |
_a330 p. ; _c25 cm. |
||
| 520 | _a"Numerical Analysis in Engineering" deals with the methods of obtaining numerical solutions to engineering problems. The topics discussed are normally covered in undergraduate engineering programs. These include an introduction to digital computers, function representation using Taylor's series, error considerations in iterative type computations, searching for roots of equations in a single variable, solution of simultaneous equations, function approximation and interpolation, numerical integration and differentiation, matrix eigenvalue problems, solution of nonlinear system of equations, and solution of ordinary and partial differential equations. Advanced topics such as the generation of boundary characteristic orthogonal polynomials, boundary value problems have also been dealt with. | ||
| 856 | 4 | 0 |
_3Amazon.com _uhttp://www.amazon.com/exec/obidos/ASIN/1842654020/chopaconline-20 |
| 999 |
_c6188 _d6188 |
||